Statistiken für Die beliebtesten Biermarken in Deutschland

Klicken Sie hier um das Quiz zu spielen!

Allgemein

  • Dieses Quiz wurde 2.234 mal gespielt
  • Das Durchschnittsergebnis liegt bei 8 aus 25

Antwortstatistiken

Rang.Biersorte% Korrekt
2.Krombacher
74%
1.Becks
70%
6.Bitburger
70%
9.Paulaner
64%
12.Jever
58%
4.Veltins
58%
8.Oettinger
53%
3.Warsteiner
51%
7.Erdinger
48%
10.Radeberger
46%
20.Augustiner
31%
15.Franziskaner
27%
11.Hasseröder
25%
13.Schöfferhofer
22%
25.Rothaus
20%
5.König Pilsener
19%
17.Köstritzer
18%
21.Diebels
12%
22.Früh Kölsch
11%
19.Desperados
9%
16.Clausthaler
8%
24.Wernesgrüner
6%
14.Vitamalz
3%
23.Karamalz
2%
18.Holsten Pilsener
1%

Verteilung der Resultate

Perzentil nach korrekt beantworteten Fragen

Anzahl Personen mit jedem Resultat

Ihre Resultats-Entwicklung

Sie haben dieses Quiz noch nicht gespielt